000 00445cam a22001097a 4500
008 180718b1947 xxu||||| |||| 00| 0 eng d
082 _aPx54 In2c/6
245 _aReport of the Second Wardha Education Committee of the Central Advisory Board of Education, 1939, together with the decisions of the board thereon
_cby Bureau of Education
260 _aDelhi
_bThe Manager of Publications
_c1947
300 _a39p.
700 _aIndia. Bureau of Education
999 _c494325
_d494325